000 00649nam a22001937a 4500
010 _aENG-120705
020 _a9789384402570
_c750.00
035 _aEN-104237
037 _bDBAD/PUB
082 _a371.33
100 _aDhillon, Shamshir Singh
245 _aInformation Technology, communication and distance education /
_cby Shamshir Singh Dhillon [and] Ranjit Kaur
260 _aDelhi
_bGyan Geeta Prakashan
_c2015
270 _aF-7, Gali No.1, Panchsheel Garden Ext. Naveen Shahdara,
_bDelhi
_e110032
300 _ax,312p.
_b22cm(Hb).
500 _aInclude Index
700 _aKaur, Ranjit
942 _2ddc
_cEN
_h371.33
_mDHI
999 _c144912
_d144912